[Event "Kineshma op"]
[Site "Kineshma"]
[Date "2011.08.07"]
[Round "9"]
[White "Hylapov, Valentin"]
[Black "Rygin, Ivan"]
[Result "1/2-1/2"]
[WhiteElo "1923"]
[BlackElo "1703"]
[PlyCount "102"]
[EventDate "2011.08.03"]
[EventType "swiss"]
[EventRounds "9"]
[EventCountry "RUS"]
[SourceTitle "CBM 144 Extra"]
[Source "ChessBase"]
[SourceDate "2011.10.28"]
[SourceVersion "1"]
[SourceVersionDate "2011.10.28"]
[SourceQuality "1"]

1. d4 e6 2. e4 d5 3. e5 c5 4. c3 Nc6 5. Nf3 Qc7 6. Bd3 c4 7. Bc2 b5 8. a3 Nge7 9. 0-0 g6 10. Be3 a5 11. b3 cxb3 12. Bxb3 Ba6 13. Re1 Nf5 14. Qd2 b4 15. Rc1 h5 16. axb4 axb4 17. c4 Nxe3 18. fxe3 dxc4 19. Bxc4 Qb7 20. Qa2 Nb8 21. d5 Bc5 22. Nd4 Qb6 23. Qb2 exd5 24. Bxd5 Ra7 25. e6 0-0 26. exf7+ Kh7 27. Bb3 Rd7 28. Rd1 Nc6 29. Qc2 Nxd4 30. exd4 Bxd4+ 31. Kh1 Bb7 32. Ra2 Rd6 33. Nd2 Bc3 34. Nc4 Rxd1+ 35. Qxd1 Qf6 36. Ne3 Be4 37. Re2 Kg7 38. Ng4 Bxg2+ 39. Rxg2 hxg4 40. Qxg4 Ra8 41. Rg1 Qc6+ 42. Qg2 Qxg2+ 43. Kxg2 Ra3 44. Rb1 Rxb3 45. Rxb3 Kxf7 46. Kf3 Kf6 47. h4 Kf5 48. Rb1 Kf6 49. Kg4 Kg7 50. Rd1 Kh6 51. Rd3 Bg7 1/2-1/2

[Event "Moscow op-B 04th"]
[Site "Moscow"]
[Date "2008.02.02"]
[Round "1"]
[White "Hylapov, Valentin"]
[Black "Achtergaele, Koen"]
[Result "1/2-1/2"]
[WhiteElo "2009"]
[BlackElo "2060"]
[PlyCount "78"]
[EventDate "2008.02.02"]
[EventType "swiss"]
[EventRounds "9"]
[EventCountry "RUS"]
[SourceTitle "CBM 122 Extra"]
[Source "ChessBase"]
[SourceDate "2008.03.04"]
[SourceVersion "1"]
[SourceVersionDate "2008.03.04"]
[SourceQuality "1"]

1. d4 Nf6 2. c4 e6 3. Nf3 Bb4+ 4. Bd2 a5 5. Nc3 b6 6. e3 Bb7 7. Bd3 0-0 8. 0-0 d5 9. Rc1 dxc4 10. Bxc4 Nbd7 11. Qe2 Qe7 12. Bd3 e5 13. dxe5 Nxe5 14. Nxe5 Qxe5 15. a3 Bc5 16. Na4 Bd6 17. g3 Ne4 18. Be1 f5 19. f3 Ng5 20. Nc3 Bc5 21. Nd1 Rae8 22. h4 Nf7 23. Bf2 Rd8 24. Nc3 Bxf3 25. Qxf3 Rxd3 26. Rcd1 Rfd8 27. Rxd3 Rxd3 28. Qe2 Rd6 29. Re1 Rd8 30. Qc4 Rd2 31. b4 axb4 32. axb4 Bf8 33. e4 Rc2 34. Re3 fxe4 35. Qb3 Rd2 36. Rxe4 Qd6 37. Rf4 Qd7 38. Ne4 Rd1+ 39. Kh2 Qd5 1/2-1/2

[Event "Petrovskaya Ladya op"]
[Site "Peterhof"]
[Date "2007.01.10"]
[Round "8"]
[White "Hylapov, Valentin"]
[Black "Pyatin, Alexander"]
[Result "0-1"]
[WhiteElo "2074"]
[BlackElo "2047"]
[PlyCount "60"]
[EventDate "2007.01.03"]
[EventType "swiss"]
[EventRounds "9"]
[EventCountry "RUS"]
[SourceTitle "CBM 116 Extra"]
[Source "ChessBase"]
[SourceDate "2007.03.07"]
[SourceVersion "1"]
[SourceVersionDate "2007.03.07"]
[SourceQuality "1"]

1. d4 Nf6 2. c4 Nc6 3. Nf3 e6 4. Bg5 Bb4+ 5. Nc3 d6 6. d5 Bxc3+ 7. bxc3 Ne7 8. Bxf6 gxf6 9. e4 e5 10. Nh4 f5 11. g3 fxe4 12. Bg2 Ng6 13. Nxg6 hxg6 14. Bxe4 b6 15. 0-0 Bh3 16. Bg2 Qd7 17. Qf3 0-0-0 18. Bxh3 Rxh3 19. Kg2 Rdh8 20. Rh1 f5 21. Kg1 e4 22. Qg2 Qg7 23. Rc1 Qh6 24. Rc2 Qh5 25. f3 exf3 26. Qf2 f4 27. gxf4 Qg4+ 28. Kf1 Qxf4 29. Qd4 Qf5 30. Rd2 Qb1+ 0-1

[Event "Petrovskaya Ladya op"]
[Site "Peterhof"]
[Date "2007.01.03"]
[Round "1"]
[White "Valov, Ilya"]
[Black "Hylapov, Valentin"]
[Result "1-0"]
[WhiteElo "2302"]
[BlackElo "2074"]
[PlyCount "61"]
[EventDate "2007.01.03"]
[EventType "swiss"]
[EventRounds "9"]
[EventCountry "RUS"]
[SourceTitle "CBM 116 Extra"]
[Source "ChessBase"]
[SourceDate "2007.03.07"]
[SourceVersion "1"]
[SourceVersionDate "2007.03.07"]
[SourceQuality "1"]

1. d4 Nf6 2. Nf3 d5 3. c4 c6 4. e3 Bf5 5. Nc3 e6 6. Bd3 Bg6 7. Ne5 Nbd7 8. f4 Bd6 9. 0-0 0-0 10. c5 Bxe5 11. fxe5 Ne4 12. Bxe4 Bxe4 13. Nxe4 dxe4 14. Qg4 f5 15. exf6 Rxf6 16. Bd2 Rg6 17. Qf4 Nf6 18. Be1 Qd5 19. Bg3 Rc8 20. Rf2 b6 21. Rc1 h5 22. Qd6 Ng4 23. Qxd5 exd5 24. Re2 Kf7 25. Rc3 Nf6 26. Ra3 Ke6 27. Rxa7 bxc5 28. dxc5 Nd7 29. Bd6 Ne5 30. Re7+ Kf6 31. Rxe5 1-0